000 00866nam a2200277 i 4500
001 bg
100 1 _aBRUCE, Betsy
245 1 0 _aMacromedia Dreamweaver 4 dla każdego /
_cBetsy Bruce ; [tł. Grzegorz Pałys].
246 1 8 _aDreamweaver 4
260 _aGliwice :
_b"Helion",
_ccop. 2001.
300 _a439 s. :
_bil. ;
_c24 cm.
490 1 _aDla Każdego
500 _aTyt. oryg.: "Sams teach yourself Macromedia Dreamweaver 4 in 24 hours" 2001. - Tyt. grzb.: Dreamweaver 4.
504 _aIndeks.
650 9 _aDreamweaver
655 _aPodręczniki
830 _aDla Każdego
020 _a8371974566
040 _cBPK
041 1 _apl
_hen
080 _a004.42:004.738.52](07)
920 _a83-7197-456-6
942 _cKS
008 s pl f |000 0 pol
999 _c40205
_d40205
856 _uhttp://koha.tu.koszalin.pl/cgi-bin/koha/opac-detail.pl?biblionumber=40205
_yKatalog online BPK